Nursing 2024 drug handbook / editor-in-chief, Collette Bishop Hendler, RN, MS, MA, CIC. (Record no. 20352)

000 -LEADER
fixed length control field 00969cam a2200217Ii 4500
020 ## - INTERNATIONAL STANDARD BOOK NUMBER
ISBN 9781975242039
082 ## - DEWEY DECIMAL CLASSIFICATION NUMBER
Classification number 615.1
Item number N9745 2024
245 00 - TITLE STATEMENT
Title Nursing 2024 drug handbook / editor-in-chief, Collette Bishop Hendler, RN, MS, MA, CIC.
250 ## - EDITION STATEMENT
Edition statement 44th edition.
260 ## - PUBLICATION, DISTRIBUTION, ETC. (IMPRINT)
Place of publication Philadelphia, PA :
Name of publisher Wolters Kluwer,
Year of publication ©2024.
300 ## - PHYSICAL DESCRIPTION
Number of Pages xii, 1,834 pages :
Other physical details illustrations ; 22 cm
500 ## - GENERAL NOTE
General note Includes index.
520 ## - SUMMARY, ETC.
Summary, etc "Now in its 44th edition, Nursing 2024 Drug Handbook delivers the most current nursing-focused information on more than 3,800 generic, brand-name, and combination drugs in an easy-to-use A-Z format." -- Amazon.com
650 #0 - SUBJECT ADDED ENTRY--TOPICAL TERM
Topical Term Drugs -- Handbooks, manuals, etc.
650 #0 - SUBJECT ADDED ENTRY--TOPICAL TERM
Topical Term Pharmacology -- Handbooks, manuals, etc.
650 #0 - SUBJECT ADDED ENTRY--TOPICAL TERM
Topical Term Drugs -- Administration -- Handbooks, manuals, etc.
650 #0 - SUBJECT ADDED ENTRY--TOPICAL TERM
Topical Term Nursing -- Handbooks, manuals, etc.
650 #0 - SUBJECT ADDED ENTRY--TOPICAL TERM
Topical Term Clinical pharmacology.
700 1# - ADDED ENTRY--PERSONAL NAME
Personal name Hendler, Collette Bishop, editor.
942 ## - ADDED ENTRY ELEMENTS (KOHA)
Koha item type Books
Holdings
Source of acquisition Permanent Location Date acquired Koha item type Collection code Accession Number Lost status Shelving location Withdrawn status Current Location Full call number
SchoolCagayan State University - Carig Library2025-04-22BooksNursingN000356 Nursing Library Cagayan State University - Carig Library615.1 N9745 2024
SchoolCagayan State University - Carig Library2025-04-22BooksNursingN000357 Nursing Library Cagayan State University - Carig Library615.1 N9745 2024
SchoolCagayan State University - Carig Library2025-04-22BooksNursingN000358 Nursing Library Cagayan State University - Carig Library615.1 N9745 2024
SchoolCagayan State University - Carig Library2025-04-22BooksNursingN000359 Nursing Library Cagayan State University - Carig Library615.1 N9745 2024
SchoolCagayan State University - Carig Library2025-04-22BooksNursingN000360 Nursing Library Cagayan State University - Carig Library615.1 N9745 2024

Cagayan State University University Library, Carig Campus
Tuguegarao City, Cagayan 3500 | www.csucarig.edu.ph

Powered by Koha